000 01228nam a22002657a 4500
005 20170124103138.0
010 _aB-142122
020 _c200.00
_a8126310243
035 _aB-142122
037 _bCen Lib/Ret
040 _aDPL
_bHN
082 _a821
_bशाहरा
100 _aशाह, राजेंद्र
_985212
245 _aसाम्प्रत मैं चिरन्तन /
_cराजेंद्र शाह ; संपादक रघुवीर चौधरी
246 _aSamprat main chirantan /
_bby Rajendra Shah ; sapadak Raghuveer Chaudhry
260 _aनयी दिल्ली
_bभारतीय ज्ञानपीठ
_c2004
270 _bनयी दिल्ली
_a18, इन्सटीतुशंल एरिया, लोदी रोड
_e110003
300 _axii,264पृ.
_c20सेमी(सजिल्द )
650 _aसाहित्य--कवितायेँ
_x
_z
_985213
650 _aहिंदी--कवितायेँ
_92082
650 _aLiterature--Poetry
_985214
650 _aHindi--Poetry
_985215
700 _aचौधरी, रघुवीर
_985216
942 _2ddc
_cHN
_h821
_mशाहरा
999 _c119490
_d119490